000 00946nam a2200313 a 4500
001 0000428
003 DO-SdBPM
005 20250812070656.0
007 ta
008 091125s1991 sp a 000 0 spa d
020 _a 8432983594
040 _aDO-SdBPM
_bspa
_cBPMSU
_erda
082 4 _a736.982
_bG659t 1991
_222
100 1 _a Gooyer, Jeanne de
_eautor
245 1 0 _a Tarjetas de felicitación con origami /
_c Jeanne de Gooyer
260 _a
_b
_c
264 _aBarcelona :
_bEdiciones Ceac,
_c1991
300 _a40 páginas :
_bilustraciones ;
_c18 cm.
_e
336 _atexto
_btxt
_2rdacontent
337 _asin mediación
_bn
_2rdamedia
338 _avolumen
_bnc
_2rdacarrier
490 0 _aCómo hacerlo
590 _aInventariado, 2025/VM
650 7 _aOrigami
_xHistoria
650 7 _aOrigami
_xTécnicas
650 7 _aTrabajos manuales (Educación)
910 _a VMateo V. Control de calidad. BPMSU
942 _2ddc
_cBK
999 _c15312
_d15312